| 000 | 00487nam a22001937a 4500 | ||
|---|---|---|---|
| 003 | LK-CoMWRAF | ||
| 005 | 20231114235024.0 | ||
| 008 | 231114b |||||||| |||| 00| 0 eng d | ||
| 020 | _a1854876058 | ||
| 040 |
_aLK-CoMWRAF _dLK-CoMWRAF _eLK-CoMWRAF |
||
| 041 | _aeng | ||
| 082 |
_a823 _bGIA |
||
| 245 | _aThe Giant book of murder | ||
| 260 |
_aLondon : _bMagpie books _c1995 |
||
| 650 | _aEnglish Fiction | ||
| 650 | _aCrime Fiction | ||
| 700 |
_aGoodman, Jonathan _eed. |
||
| 942 | _cBK | ||
| 999 |
_c4085 _d4085 |
||